000 00250nam a2200109Ia 4500
008 190216s9999||||xx |||||||||||||| ||und||
100 _aMishra K B
245 0 _aHindi-Hindi Pathrakaritha
260 _bBharathy Bandar
650 _aHindi
942 _cBK
999 _c15478
_d15478